| 000 | 00801nam a2200241 a 4500 | ||
|---|---|---|---|
| 001 | 000014546 | ||
| 005 | 20240412074241.0 | ||
| 008 | 100114s2006 dr r 001 j spa d | ||
| 020 | _a9993475017 | ||
| 040 |
_aDO-SdBNP _bspa _cBNPHU |
||
| 082 |
_aRD863.44 _bG216p 2006 |
||
| 100 | 1 |
_aGarcía Romero, Rafael, _d1957- _91671 |
|
| 245 | 1 | 0 |
_aA puro dolor / _cRafael Gercía Romero. |
| 250 | _a2a ed. | ||
| 260 |
_aSanto Domingo : _bCEDIBIL, _c2006. |
||
| 300 |
_a158 p. ; _c22 cm. |
||
| 500 | _aIncluye datos biográficos del autor en la solapa de la cubierta. | ||
| 590 | _aInventariado, 2020/BT | ||
| 650 | 0 |
_aCuentos dominicanos _9176 |
|
| 650 | 0 |
_aLiteratura dominicana. _967 |
|
| 710 | 2 |
_aCentro Dominicano de Investigaciones Bibliográficas _91224 |
|
| 910 | _aValidado. Control de calidad MFF | ||
| 999 |
_c14133 _d14133 |
||